| 000 | 01329cad a22002295a 4500 | ||
|---|---|---|---|
| 001 | L146801 | ||
| 008 | 090302s2008 xxkad f s 000 0 eng d | ||
| 035 | _a(Sirsi) u146801 | ||
| 041 | 0 | _aeng | |
| 050 | 0 | 4 | _a333.33 $2 18 |
| 110 | 2 |
_aColliers International Property Consultants _91881 |
|
| 245 | 0 | 0 |
_aHighlights _bretail, fall 2008 _h[electronic resource] |
| 260 |
_aBoston _bColliers _c2008 |
||
| 490 | 0 |
_aColliers United States Retail Highlights _vFall 2008 |
|
| 520 | _aA semi-annual review of rents, vacancy, development and trends in the retail sector across the United States. Reports that retail sales fell in October for the third successive month, with housing related areas such as furniture and DIY stores seeing YTD sales shrink. The fastest growth (excluding petrol and non-store retailers) was in grocery stores, with YTD growth of 6.1%. Predicts that conditions will not improve until the second half of 2009 at the earliest, with levels of construction falling and levels of vacancy rising. | ||
| 590 | _aKA | ||
| 650 | 2 | 4 | _aCOLLIERS UNITED STATES RETAIL HIGHLIGHTS |
| 651 | 4 |
_aUnited States _y1959- |
|
| 690 | _aPROPERTY-COMMERCIAL PROPERTY-COMMERCIAL PROPERTY MARKET | ||
| 856 | 4 | 0 |
_uhttps://www.colliers.com/Markets/USA/MarketReports/ _zView the report free of charge at www.colliers.com... |
| 942 | _n0 | ||
| 999 |
_c109297 _d109297 |
||